[Event "Marianske Lazne 2023"]
[Site "?"]
[Date "2023.01.20"]
[Round "2.1"]
[White "Stalmach, Richard"]
[Black "Stefansson, Hannes"]
[Result "1-0"]
[BlackElo "2526"]
[WhiteElo "2423"]
[LiveChessVersion "1.4.8"]

1. d4 {[%clk 1:30:57]} Nf6 {[%clk 1:30:41]} 2. c4 {[%clk 1:31:22]} e6
{[%clk 1:31:00]} 3. Nc3 {[%clk 1:31:47]} Bb4 {[%clk 1:31:09]} 4. Qc2
{[%clk 1:32:08]} O-O {[%clk 1:30:53]} 5. e4 {[%clk 1:32:17]} d6 {[%clk 1:30:57]}
6. e5 {[%clk 1:32:13]} Nfd7 {[%clk 1:30:45]} 7. Nf3 {[%clk 1:32:23]} Nc6
{[%clk 1:30:41]} 8. exd6 {[%clk 1:32:26]} cxd6 {[%clk 1:31:03]} 9. Be2
{[%clk 1:32:21]} d5 {[%clk 1:18:50]} 10. a3 {[%clk 1:27:32]} Bxc3+
{[%clk 1:18:55]} 11. bxc3 {[%clk 1:25:57]} Na5 {[%clk 1:11:34]} 12. cxd5
{[%clk 1:18:08]} exd5 {[%clk 1:11:20]} 13. O-O {[%clk 1:14:58]} Re8
{[%clk 1:10:45]} 14. Bg5 {[%clk 1:02:42]} Qc7 {[%clk 1:08:08]} 15. Rfe1
{[%clk 0:59:11]} Nf8 {[%clk 1:06:23]} 16. Bh4 {[%clk 0:57:15]} a6
{[%clk 1:00:07]} 17. Bg3 {[%clk 0:56:35]} Qd8 {[%clk 1:00:03]} 18. Ne5
{[%clk 0:44:50]} f6 {[%clk 0:58:47]} 19. Ng4 {[%clk 0:40:59]} Be6
{[%clk 0:56:06]} 20. Ne3 {[%clk 0:41:20]} Qd7 {[%clk 0:55:40]} 21. Qb2
{[%clk 0:37:39]} Rac8 {[%clk 0:50:10]} 22. Qb4 {[%clk 0:37:01]} Nc6
{[%clk 0:39:15]} 23. Qb6 {[%clk 0:37:15]} Ne7 {[%clk 0:37:04]} 24. Qb2
{[%clk 0:32:08]} Nf5 {[%clk 0:36:43]} 25. Nxf5 {[%clk 0:31:47]} Bxf5
{[%clk 0:37:06]} 26. a4 {[%clk 0:31:02]} Re6 {[%clk 0:33:41]} 27. Bf3
{[%clk 0:30:03]} Rce8 {[%clk 0:27:39]} 28. Rxe6 {[%clk 0:28:13]} Nxe6
{[%clk 0:28:00]} 29. Qb3 {[%clk 0:27:28]} Rd8 {[%clk 0:27:28]} 30. h4
{[%clk 0:26:01]} Qc6 {[%clk 0:26:10]} 31. Ra2 {[%clk 0:23:40]} Be4
{[%clk 0:25:49]} 32. Bxe4 {[%clk 0:22:16]} dxe4 {[%clk 0:26:12]} 33. a5
{[%clk 0:21:02]} Rd5 {[%clk 0:23:55]} 34. Ra4 {[%clk 0:18:08]} Rb5
{[%clk 0:22:56]} 35. Qa2 {[%clk 0:17:58]} Rd5 {[%clk 0:19:46]} 36. Rb4
{[%clk 0:15:46]} Kf7 {[%clk 0:14:04]} 37. Rb6 {[%clk 0:15:32]} Qd7
{[%clk 0:14:26]} 38. Qb1 {[%clk 0:14:22]} Nd8 {[%clk 0:13:11]} 39. Qxe4
{[%clk 0:13:39]} h5 {[%clk 0:11:50]} 40. Bc7 {[%clk 0:06:36]} Nc6
{[%clk 0:03:52]} 41. Rxb7 {[%clk 0:01:53]} Rxa5 {[%clk 0:02:49]} 42. Bxa5
{[%clk 0:27:22]} Qxb7 {[%clk 0:33:13]} 43. Qd5+ {[%clk 0:27:20]} Kg6
{[%clk 0:33:30]} 44. Bb4 {[%clk 0:26:05]} Qb5 {[%clk 0:30:34]} 45. Bc5
{[%clk 0:24:21]} a5 {[%clk 0:23:17]} 46. Qe4+ {[%clk 0:23:37]} Kf7
{[%clk 0:23:28]} 47. Qf5 {[%clk 0:23:09]} Qb7 {[%clk 0:21:34]} 48. Qxh5+
{[%clk 0:23:18]} Kg8 {[%clk 0:21:57]} 49. Qe8+ {[%clk 0:23:16]} Kh7
{[%clk 0:22:22]} 50. Qe4+ {[%clk 0:21:39]} Kg8 {[%clk 0:22:07]} 51. h5
{[%clk 0:20:37]} Qd7 {[%clk 0:22:26]} 52. h6 {[%clk 0:16:26]} f5 {[%clk 0:22:09]}
53. Qe3 {[%clk 0:16:31]} g6 {[%clk 0:21:08]} 54. c4 {[%clk 0:16:29]} a4
{[%clk 0:19:29]} 55. d5 {[%clk 0:16:36]} Nd8 {[%clk 0:19:15]} 56. Qe5
{[%clk 0:15:49]} 1-0

[Event "Marianske Lazne 2023"]
[Site "?"]
[Date "2023.01.20"]
[Round "2.2"]
[White "Gaehwiler, Gabriel"]
[Black "Seemann, Jakub"]
[Result "1/2-1/2"]
[BlackElo "2389"]
[WhiteElo "2408"]
[LiveChessVersion "1.4.8"]

1. d4 {[%clk 1:28:23]} Nf6 {[%clk 1:30:51]} 2. Nf3 {[%clk 1:28:39]} e6
{[%clk 1:31:16]} 3. c4 {[%clk 1:27:35]} a6 {[%clk 1:31:41]} 4. Nc3
{[%clk 1:08:55]} d5 {[%clk 1:31:57]} 5. cxd5 {[%clk 1:04:29]} exd5
{[%clk 1:32:16]} 6. Bg5 {[%clk 1:04:54]} Be6 {[%clk 1:29:33]} 7. e3
{[%clk 1:01:57]} Nbd7 {[%clk 1:26:11]} 8. Bd3 {[%clk 1:01:46]} c6
{[%clk 1:26:33]} 9. O-O {[%clk 0:55:07]} Bd6 {[%clk 1:26:58]} 10. Ne2
{[%clk 0:46:40]} Qc7 {[%clk 1:15:05]} 11. Bf4 {[%clk 0:41:07]} Bg4
{[%clk 1:13:28]} 12. Bxd6 {[%clk 0:39:03]} Qxd6 {[%clk 1:13:14]} 13. Nd2
{[%clk 0:38:45]} Bh5 {[%clk 1:04:36]} 14. Qb3 {[%clk 0:34:00]} Rb8
{[%clk 0:48:37]} 15. a4 {[%clk 0:30:21]} Bg6 {[%clk 0:48:15]} 16. Nf4
{[%clk 0:28:48]} a5 {[%clk 0:39:28]} 17. Qc3 {[%clk 0:26:50]} Ra8
{[%clk 0:39:37]} 18. Rfb1 {[%clk 0:24:05]} O-O {[%clk 0:35:44]} 19. Qa3
{[%clk 0:21:24]} Qxa3 {[%clk 0:35:19]} 20. Rxa3 {[%clk 0:21:28]} Rfc8
{[%clk 0:34:39]} 21. Rc3 {[%clk 0:20:44]} Ne8 {[%clk 0:32:17]} 22. Rbc1
{[%clk 0:19:38]} Nd6 {[%clk 0:32:31]} 23. Kf1 {[%clk 0:14:37]} Kf8
{[%clk 0:32:00]} 24. Ke2 {[%clk 0:14:59]} Ke7 {[%clk 0:32:16]} 25. R3c2
{[%clk 0:14:51]} Bxd3+ {[%clk 0:29:50]} 26. Nxd3 {[%clk 0:15:14]} Nf8
{[%clk 0:30:09]} 27. Nb3 {[%clk 0:12:38]} Ne6 {[%clk 0:25:55]} 1/2-1/2

[Event "Marianske Lazne 2023"]
[Site "?"]
[Date "2023.01.20"]
[Round "2.3"]
[White "Petr, Martin"]
[Black "Chen, Qi b"]
[Result "1/2-1/2"]
[BlackElo "2484"]
[WhiteElo "2508"]
[LiveChessVersion "1.4.8"]

1. Nf3 {[%clk 1:30:53]} d5 {[%clk 1:30:44]} 2. b3 {[%clk 1:31:04]} Bg4
{[%clk 1:30:15]} 3. e3 {[%clk 1:29:30]} Nd7 {[%clk 1:30:28]} 4. Bb2
{[%clk 1:28:41]} e6 {[%clk 1:30:41]} 5. h3 {[%clk 1:22:19]} Bh5 {[%clk 1:31:04]}
6. d3 {[%clk 1:22:36]} a5 {[%clk 1:20:36]} 7. a4 {[%clk 1:19:56]} h6
{[%clk 1:17:42]} 8. Nbd2 {[%clk 1:19:33]} Bg6 {[%clk 1:15:34]} 9. g3
{[%clk 1:11:41]} Ngf6 {[%clk 1:15:20]} 10. Bg2 {[%clk 1:12:04]} Bc5
{[%clk 1:05:33]} 11. Qe2 {[%clk 1:11:03]} O-O {[%clk 1:03:30]} 12. O-O
{[%clk 1:10:33]} Re8 {[%clk 0:57:03]} 13. e4 {[%clk 1:10:18]} dxe4
{[%clk 0:56:35]} 14. dxe4 {[%clk 1:10:41]} e5 {[%clk 0:56:29]} 15. Rad1
{[%clk 1:08:14]} Qe7 {[%clk 0:53:02]} 16. Nh4 {[%clk 0:59:28]} Bh7
{[%clk 0:53:01]} 17. Nc4 {[%clk 0:59:51]} Qe6 {[%clk 0:49:20]} 18. g4
{[%clk 0:59:07]} Qa6 {[%clk 0:41:19]} 19. Rd3 {[%clk 0:53:45]} b5
{[%clk 0:35:25]} 20. axb5 {[%clk 0:48:45]} Qxb5 {[%clk 0:35:48]} 21. Nf5
{[%clk 0:49:12]} a4 {[%clk 0:34:31]} 22. h4 {[%clk 0:44:44]} a3 {[%clk 0:21:12]}
23. Ba1 {[%clk 0:45:05]} Nf8 {[%clk 0:12:00]} 24. Bxe5 {[%clk 0:41:45]} Ra6
{[%clk 0:12:08]} 25. Kh1 {[%clk 0:33:30]} Rxe5 {[%clk 0:03:12]} 26. Nxe5
{[%clk 0:33:49]} a2 {[%clk 0:03:37]} 27. Ra1 {[%clk 0:31:41]} Bxf5
{[%clk 0:03:58]} 28. c4 {[%clk 0:30:14]} Qb6 {[%clk 0:03:40]} 29. exf5
{[%clk 0:19:58]} Bd4 {[%clk 0:04:07]} 30. Rxa2 {[%clk 0:19:55]} Rxa2
{[%clk 0:04:29]} 31. Qxa2 {[%clk 0:20:21]} Bxe5 {[%clk 0:04:56]} 32. Qe2
{[%clk 0:20:32]} N6d7 {[%clk 0:02:37]} 33. Qd2 {[%clk 0:19:19]} Nc5
{[%clk 0:00:40]} 34. Rd8 {[%clk 0:19:33]} Bf6 {[%clk 0:00:51]} 35. Rc8
{[%clk 0:14:42]} Qxb3 {[%clk 0:00:45]} 36. Qe3 {[%clk 0:10:20]} Qb1+
{[%clk 0:00:36]} 37. Kh2 {[%clk 0:10:44]} Qb6 {[%clk 0:01:03]} 38. Kh3
{[%clk 0:06:47]} Qd6 {[%clk 0:01:11]} 39. Bd5 {[%clk 0:07:01]} Be7
{[%clk 0:00:37]} 40. Re8 {[%clk 0:05:55]} Bd8 {[%clk 0:00:50]} 41. Rxd8
{[%clk 0:03:18]} Qxd8 {[%clk 0:00:41]} 42. Qxc5 {[%clk 0:03:41]} Nd7
{[%clk 0:27:44]} 43. Qd4 {[%clk 0:30:52]} Qe7 {[%clk 0:27:14]} 44. g5
{[%clk 0:27:58]} hxg5 {[%clk 0:24:51]} 45. hxg5 {[%clk 0:28:21]} Kf8
{[%clk 0:25:09]} 46. f4 {[%clk 0:22:10]} Qc5 {[%clk 0:21:16]} 47. Qd3
{[%clk 0:19:04]} Qd6 {[%clk 0:20:16]} 48. f6 {[%clk 0:15:32]} Qxf4
{[%clk 0:15:51]} 49. Bc6 {[%clk 0:13:39]} gxf6 {[%clk 0:14:04]} 50. Bxd7
{[%clk 0:12:55]} fxg5 {[%clk 0:14:30]} 51. c5 {[%clk 0:11:50]} Ke7
{[%clk 0:10:29]} 52. Bg4 {[%clk 0:10:37]} Kf8 {[%clk 0:07:58]} 53. c6
{[%clk 0:06:32]} Ke7 {[%clk 0:06:56]} 54. Bd7 {[%clk 0:05:50]} Kf6
{[%clk 0:06:20]} 55. Kg2 {[%clk 0:04:18]} Ke5 {[%clk 0:05:41]} 56. Qc3+
{[%clk 0:04:27]} Qd4 {[%clk 0:05:10]} 57. Qg3+ {[%clk 0:01:40]} Qf4
{[%clk 0:05:35]} 58. Qc3+ {[%clk 0:01:29]} Qd4 {[%clk 0:06:04]} 59. Qxd4+
{[%clk 0:01:50]} Kxd4 {[%clk 0:06:32]} 60. Kf3 {[%clk 0:02:10]} Kd5
{[%clk 0:06:19]} 61. Kg4 {[%clk 0:02:25]} f6 {[%clk 0:06:42]} 62. Kf5
{[%clk 0:02:51]} Kd6 {[%clk 0:06:59]} 63. Be8 {[%clk 0:03:12]} Kd5
{[%clk 0:06:21]} 64. Bd7 {[%clk 0:02:33]} Kd6 {[%clk 0:06:50]} 65. Kxf6
{[%clk 0:02:10]} g4 {[%clk 0:07:18]} 66. Bxg4 {[%clk 0:02:34]} 1/2-1/2

[Event "Marianske Lazne 2023"]
[Site "?"]
[Date "2023.01.20"]
[Round "2.4"]
[White "Adithya, A Chullikkad"]
[Black "Kusa, Jakub"]
[Result "1/2-1/2"]
[BlackElo "2359"]
[WhiteElo "2196"]
[LiveChessVersion "1.4.8"]

1. e4 {[%clk 1:30:48]} e5 {[%clk 1:30:41]} 2. Nf3 {[%clk 1:30:58]} Nc6
{[%clk 1:31:00]} 3. d4 {[%clk 1:30:54]} exd4 {[%clk 1:31:16]} 4. Nxd4
{[%clk 1:30:56]} Nf6 {[%clk 1:31:08]} 5. Nxc6 {[%clk 1:30:50]} bxc6
{[%clk 1:31:03]} 6. Nd2 {[%clk 1:30:47]} d6 {[%clk 1:25:22]} 7. Bd3
{[%clk 1:25:53]} Be7 {[%clk 1:24:44]} 8. O-O {[%clk 1:22:23]} O-O
{[%clk 1:25:00]} 9. b3 {[%clk 1:19:19]} Nd7 {[%clk 1:23:02]} 10. Bb2
{[%clk 1:15:55]} Bf6 {[%clk 1:22:19]} 11. Bxf6 {[%clk 1:15:23]} Qxf6
{[%clk 1:22:03]} 12. Qf3 {[%clk 1:12:40]} Qxf3 {[%clk 1:19:32]} 13. Nxf3
{[%clk 1:12:38]} Nc5 {[%clk 1:19:02]} 14. Nd4 {[%clk 1:11:59]} Bd7
{[%clk 1:15:57]} 15. Rfd1 {[%clk 1:10:04]} Rfe8 {[%clk 1:11:56]} 16. f3
{[%clk 1:09:53]} Nxd3 {[%clk 1:10:20]} 17. cxd3 {[%clk 1:09:52]} a5
{[%clk 1:07:10]} 18. Rac1 {[%clk 1:08:30]} c5 {[%clk 1:01:08]} 19. Ne2
{[%clk 1:07:23]} f5 {[%clk 0:58:29]} 20. Ng3 {[%clk 0:54:27]} fxe4
{[%clk 0:53:58]} 21. Nxe4 {[%clk 0:53:46]} Bc6 {[%clk 0:43:37]} 22. d4
{[%clk 0:48:01]} Bxe4 {[%clk 0:42:26]} 23. fxe4 {[%clk 0:48:23]} cxd4
{[%clk 0:39:10]} 24. Rxc7 {[%clk 0:44:45]} Rxe4 {[%clk 0:38:18]} 25. Rc4
{[%clk 0:41:57]} Re2 {[%clk 0:34:59]} 26. Rcxd4 {[%clk 0:42:11]} Rxa2
{[%clk 0:35:03]} 27. Rxd6 {[%clk 0:42:24]} a4 {[%clk 0:34:48]} 28. Rd8+
{[%clk 0:42:20]} Rxd8 {[%clk 0:35:12]} 29. Rxd8+ {[%clk 0:42:48]} Kf7
{[%clk 0:35:36]} 30. bxa4 {[%clk 0:43:14]} 1/2-1/2

[Event "Marianske Lazne 2023"]
[Site "?"]
[Date "2023.01.20"]
[Round "2.5"]
[White "Natsidis, Christoph"]
[Black "Rasik, Vitezslav"]
[Result "1/2-1/2"]
[BlackElo "2427"]
[WhiteElo "2308"]
[LiveChessVersion "1.4.8"]

1. d4 {[%clk 1:30:57]} Nf6 {[%clk 1:30:50]} 2. c4 {[%clk 1:31:22]} g6
{[%clk 1:31:09]} 3. Nc3 {[%clk 1:31:48]} Bg7 {[%clk 1:31:34]} 4. e4
{[%clk 1:32:14]} d6 {[%clk 1:31:58]} 5. Nf3 {[%clk 1:32:41]} O-O {[%clk 1:32:01]}
6. Be2 {[%clk 1:33:08]} Nbd7 {[%clk 1:30:13]} 7. O-O {[%clk 1:33:31]} e5
{[%clk 1:29:37]} 8. Re1 {[%clk 1:26:01]} Re8 {[%clk 1:29:23]} 9. Bf1
{[%clk 1:25:32]} a6 {[%clk 1:28:55]} 10. b3 {[%clk 1:14:49]} exd4
{[%clk 1:09:40]} 11. Nxd4 {[%clk 1:15:11]} c6 {[%clk 1:02:22]} 12. Bg5
{[%clk 0:51:45]} Qa5 {[%clk 0:49:13]} 1/2-1/2

[Event "Marianske Lazne 2023"]
[Site "?"]
[Date "2023.01.20"]
[Round "2.7"]
[White "Ricken, Katharina"]
[Black "Niedbala, Bartlomiej"]
[Result "1/2-1/2"]
[BlackElo "2390"]
[WhiteElo "2177"]
[LiveChessVersion "1.4.8"]

1. Nf3 {[%clk 1:30:59]} Nf6 {[%clk 1:30:50]} 2. g3 {[%clk 1:31:25]} g6
{[%clk 1:31:09]} 3. b3 {[%clk 1:31:52]} Bg7 {[%clk 1:31:32]} 4. Bb2
{[%clk 1:32:18]} d6 {[%clk 1:31:56]} 5. d4 {[%clk 1:32:45]} b5 {[%clk 1:32:23]}
6. Bg2 {[%clk 1:32:59]} Bb7 {[%clk 1:32:48]} 7. Qd3 {[%clk 1:33:05]} a6
{[%clk 1:32:48]} 8. Nbd2 {[%clk 1:33:27]} O-O {[%clk 1:31:55]} 9. e4
{[%clk 1:31:57]} Nbd7 {[%clk 1:24:07]} 10. O-O {[%clk 1:30:32]} e6
{[%clk 1:12:18]} 11. Rfe1 Qe7 12. c3 {[%clk 1:25:18]} Nb6 {[%clk 0:45:38]} 13.
Rad1 {[%clk 1:19:34]} e5 {[%clk 0:38:24]} 14. Ba3 {[%clk 1:18:01]} c5
{[%clk 0:34:55]} 15. dxe5 {[%clk 1:10:09]} dxe5 {[%clk 0:35:20]} 16. Qe3
{[%clk 1:10:06]} Rac8 {[%clk 0:31:05]} 17. Bh3 {[%clk 1:06:29]} Rc6
{[%clk 0:30:44]} 18. Qg5 {[%clk 1:01:47]} Re8 {[%clk 0:29:18]} 19. Nh4
{[%clk 0:55:31]} Qc7 {[%clk 0:23:36]} 20. f3 {[%clk 0:53:14]} Rd8
{[%clk 0:16:53]} 21. Nf1 {[%clk 0:50:30]} Rcd6 {[%clk 0:16:36]} 22. Qc1
{[%clk 0:49:45]} Bh6 {[%clk 0:13:58]} 23. Qc2 {[%clk 0:50:04]} Bf8
{[%clk 0:07:30]} 24. Ne3 {[%clk 0:49:27]} Nc8 {[%clk 0:05:19]} 25. Bb2
{[%clk 0:45:06]} Bh6 {[%clk 0:03:43]} 26. Nhg2 {[%clk 0:44:54]} Ne7
{[%clk 0:02:40]} 27. Rxd6 {[%clk 0:43:44]} Rxd6 {[%clk 0:02:11]} 28. Rd1
{[%clk 0:41:42]} Bc6 {[%clk 0:01:41]} 29. Kf2 {[%clk 0:40:22]} Rxd1
{[%clk 0:01:09]} 30. Qxd1 {[%clk 0:40:23]} Bb7 {[%clk 0:00:35]} 31. Qd3
{[%clk 0:39:01]} 1/2-1/2

[Event "Marianske Lazne 2023"]
[Site "?"]
[Date "2023.01.20"]
[Round "2.8"]
[White "Can, Isik"]
[Black "Leisch, Lukas"]
[Result "1-0"]
[BlackElo "2378"]
[WhiteElo "2488"]
[LiveChessVersion "1.4.8"]

1. e4 {[%clk 1:26:35]} e5 {[%clk 1:30:52]} 2. Nf3 {[%clk 1:25:36]} Nc6
{[%clk 1:31:14]} 3. Bc4 {[%clk 1:20:54]} Bc5 {[%clk 1:31:34]} 4. c3
{[%clk 1:13:57]} Nf6 {[%clk 1:31:55]} 5. d4 {[%clk 1:14:24]} exd4
{[%clk 1:32:04]} 6. e5 {[%clk 1:14:51]} d5 {[%clk 1:32:04]} 7. Bb5
{[%clk 1:15:17]} Ne4 {[%clk 1:32:25]} 8. cxd4 {[%clk 1:15:44]} Bb6
{[%clk 1:32:47]} 9. O-O {[%clk 1:11:32]} O-O {[%clk 1:32:29]} 10. Nc3
{[%clk 1:09:50]} Bg4 {[%clk 1:28:24]} 11. Be3 {[%clk 1:10:08]} f6
{[%clk 1:13:26]} 12. exf6 {[%clk 1:07:15]} Nxf6 {[%clk 1:11:19]} 13. Be2
{[%clk 1:06:05]} Qd6 {[%clk 1:09:40]} 14. Rc1 {[%clk 0:52:17]} Rae8
{[%clk 1:08:19]} 15. a3 {[%clk 0:39:57]} Kh8 {[%clk 1:06:36]} 16. Na4
{[%clk 0:39:10]} Bc8 {[%clk 0:49:38]} 17. Nxb6 {[%clk 0:26:44]} axb6
{[%clk 0:49:44]} 18. Ne1 {[%clk 0:27:00]} Ne7 {[%clk 0:47:17]} 19. Nd3
{[%clk 0:25:10]} Ng6 {[%clk 0:46:56]} 20. Bd2 {[%clk 0:21:11]} Rf7
{[%clk 0:36:05]} 21. f4 {[%clk 0:20:38]} Ne4 {[%clk 0:35:51]} 22. Bh5
{[%clk 0:13:36]} Bf5 {[%clk 0:20:57]} 23. Bb4 {[%clk 0:11:43]} c5
{[%clk 0:17:12]} 24. dxc5 {[%clk 0:11:23]} bxc5 {[%clk 0:17:41]} 25. Nxc5
{[%clk 0:11:38]} Nf6 {[%clk 0:15:59]} 26. Ne4 {[%clk 0:08:32]} Qb6+
{[%clk 0:13:50]} 27. Bc5 {[%clk 0:08:58]} Qxb2 {[%clk 0:14:12]} 28. Nd6
{[%clk 0:07:47]} Nxh5 {[%clk 0:13:07]} 29. Nxf7+ {[%clk 0:07:19]} Kg8
{[%clk 0:13:35]} 30. Qxd5 {[%clk 0:05:43]} Be6 {[%clk 0:12:29]} 31. Nh6+
{[%clk 0:04:51]} gxh6 {[%clk 0:12:57]} 32. Qxh5 {[%clk 0:05:16]} b6
{[%clk 0:12:13]} 33. Bf2 {[%clk 0:04:52]} Bf7 {[%clk 0:11:37]} 34. Qxh6
{[%clk 0:05:01]} Qd2 {[%clk 0:09:25]} 35. Rce1 {[%clk 0:03:46]} Nxf4
{[%clk 0:07:28]} 36. Qg5+ {[%clk 0:03:59]} Kf8 {[%clk 0:06:34]} 37. Bc5+
{[%clk 0:04:20]} 1-0

[Event "Marianske Lazne 2023"]
[Site "?"]
[Date "2023.01.20"]
[Round "2.9"]
[White "Krejci, Jan"]
[Black "Pajeken, Jakob Leon"]
[Result "0-1"]
[BlackElo "2449"]
[WhiteElo "2522"]
[LiveChessVersion "1.4.8"]

1. e4 {[%clk 1:30:57]} c5 {[%clk 1:30:57]} 2. Nc3 {[%clk 1:31:22]} a6
{[%clk 1:30:05]} 3. Nge2 {[%clk 1:31:46]} Nf6 {[%clk 1:30:19]} 4. g3
{[%clk 1:30:00]} d5 {[%clk 1:25:23]} 5. exd5 {[%clk 1:29:30]} Nxd5
{[%clk 1:25:24]} 6. Bg2 {[%clk 1:29:53]} Nxc3 {[%clk 1:23:43]} 7. bxc3
{[%clk 1:30:15]} g6 {[%clk 1:22:49]} 8. O-O {[%clk 1:26:27]} Bg7 {[%clk 1:21:38]}
9. a4 {[%clk 1:26:21]} O-O {[%clk 1:20:21]} 10. Ba3 {[%clk 1:26:26]} Nd7
{[%clk 1:17:30]} 11. d4 {[%clk 1:21:07]} cxd4 {[%clk 1:05:46]} 12. cxd4
{[%clk 1:21:35]} Rb8 {[%clk 1:01:43]} 13. Re1 {[%clk 1:20:14]} b5
{[%clk 0:57:32]} 14. axb5 {[%clk 1:20:38]} axb5 {[%clk 0:57:51]} 15. Rb1
{[%clk 1:21:02]} Re8 {[%clk 0:51:13]} 16. Nc3 {[%clk 1:08:08]} Bb7
{[%clk 0:42:54]} 17. Bxb7 {[%clk 0:59:02]} Rxb7 {[%clk 0:43:18]} 18. Nxb5
{[%clk 0:59:05]} Nb6 {[%clk 0:39:10]} 19. Qe2 {[%clk 0:50:10]} Nd5
{[%clk 0:36:25]} 20. Qd3 {[%clk 0:48:51]} Nc7 {[%clk 0:31:34]} 21. Nxc7
{[%clk 0:43:37]} Rxc7 {[%clk 0:31:37]} 22. Bc5 {[%clk 0:44:00]} Qc8
{[%clk 0:29:20]} 23. c4 {[%clk 0:41:20]} h5 {[%clk 0:23:37]} 24. h4
{[%clk 0:41:16]} e5 {[%clk 0:17:29]} 25. Bd6 {[%clk 0:40:29]} Rxc4
{[%clk 0:17:42]} 26. dxe5 {[%clk 0:33:04]} Qe6 {[%clk 0:15:43]} 27. Rb7
{[%clk 0:33:06]} Rc6 {[%clk 0:15:01]} 28. Qe3 {[%clk 0:27:15]} Qd5
{[%clk 0:13:23]} 29. Rb8 {[%clk 0:23:28]} Rxb8 {[%clk 0:13:15]} 30. Bxb8
{[%clk 0:23:56]} Re6 {[%clk 0:12:55]} 31. Bd6 {[%clk 0:22:35]} f6
{[%clk 0:11:57]} 32. f4 {[%clk 0:22:22]} fxe5 {[%clk 0:11:51]} 33. fxe5
{[%clk 0:22:36]} Rxd6 {[%clk 0:11:45]} 0-1

[Event "Marianske Lazne 2023"]
[Site "?"]
[Date "2023.01.20"]
[Round "2.10"]
[White "Sorm, Daniel"]
[Black "Finek, Vaclav"]
[Result "1/2-1/2"]
[BlackElo "2406"]
[WhiteElo "2302"]
[LiveChessVersion "1.4.8"]

1. d4 {[%clk 1:30:54]} d5 {[%clk 1:30:53]} 2. c4 {[%clk 1:31:02]} c6
{[%clk 1:31:19]} 3. Nf3 {[%clk 1:31:22]} Nf6 {[%clk 1:31:42]} 4. e3
{[%clk 1:30:28]} e6 {[%clk 1:31:54]} 5. Nbd2 {[%clk 1:30:31]} Nbd7
{[%clk 1:32:02]} 6. b3 {[%clk 1:29:31]} Bd6 {[%clk 1:32:21]} 7. Bb2
{[%clk 1:29:46]} O-O {[%clk 1:32:32]} 8. Bd3 {[%clk 1:29:59]} Qe7
{[%clk 1:31:59]} 9. O-O {[%clk 1:24:15]} e5 {[%clk 1:23:09]} 10. e4
{[%clk 1:23:09]} exd4 {[%clk 1:18:42]} 11. cxd5 {[%clk 1:20:59]} cxd5
{[%clk 1:15:03]} 12. Re1 {[%clk 1:11:14]} Nc5 {[%clk 1:06:07]} 13. exd5
{[%clk 1:10:56]} Qd8 {[%clk 1:03:16]} 14. Bc4 {[%clk 1:09:23]} a6
{[%clk 0:55:29]} 15. a4 {[%clk 1:04:43]} d3 {[%clk 0:52:45]} 16. b4
{[%clk 0:45:55]} Ncd7 {[%clk 0:53:05]} 17. Qb3 {[%clk 0:45:38]} a5
{[%clk 0:48:10]} 18. Bxd3 {[%clk 0:41:06]} Bxb4 {[%clk 0:46:42]} 19. Qc2
{[%clk 0:37:22]} h6 {[%clk 0:43:45]} 20. Red1 {[%clk 0:30:56]} Nc5
{[%clk 0:34:09]} 21. Ne4 {[%clk 0:25:08]} Ncxe4 {[%clk 0:30:30]} 22. Bxe4
{[%clk 0:25:15]} Re8 {[%clk 0:25:27]} 23. Bd3 {[%clk 0:16:14]} Bd7
{[%clk 0:22:09]} 24. Qb3 {[%clk 0:12:07]} 1/2-1/2

[Event "Marianske Lazne 2023"]
[Site "?"]
[Date "2023.01.20"]
[Round "2.11"]
[White "Koridze, Lile"]
[Black "Jasny, Stanislav"]
[Result "0-1"]
[BlackElo "2245"]
[WhiteElo "2139"]
[LiveChessVersion "1.4.8"]

1. d4 {[%clk 1:30:58]} Nf6 {[%clk 1:30:44]} 2. c4 {[%clk 1:31:25]} g6
{[%clk 1:30:59]} 3. Nc3 {[%clk 1:31:51]} Bg7 {[%clk 1:31:22]} 4. e4
{[%clk 1:32:18]} d6 {[%clk 1:31:44]} 5. Nf3 {[%clk 1:32:44]} O-O {[%clk 1:31:48]}
6. Be2 {[%clk 1:33:10]} Nbd7 {[%clk 1:32:02]} 7. O-O {[%clk 1:31:29]} e5
{[%clk 1:32:22]} 8. Be3 {[%clk 1:29:39]} Re8 {[%clk 1:32:38]} 9. d5
{[%clk 1:27:49]} Nh5 {[%clk 1:29:31]} 10. b4 {[%clk 1:23:11]} Nf4
{[%clk 1:28:55]} 11. c5 {[%clk 1:21:13]} Nxe2+ {[%clk 1:20:50]} 12. Qxe2
{[%clk 1:21:38]} f5 {[%clk 1:20:53]} 13. cxd6 {[%clk 1:16:49]} cxd6
{[%clk 1:21:12]} 14. Nb5 {[%clk 1:12:24]} fxe4 {[%clk 1:10:45]} 15. Ng5
{[%clk 1:09:51]} Nf6 {[%clk 1:09:14]} 16. Rac1 {[%clk 1:08:40]} Re7
{[%clk 0:59:31]} 17. Nxa7 {[%clk 1:04:14]} Bf5 {[%clk 0:56:53]} 18. Nb5
{[%clk 0:54:09]} h6 {[%clk 0:56:09]} 19. Ne6 {[%clk 0:54:07]} Bxe6
{[%clk 0:56:34]} 20. dxe6 {[%clk 0:54:34]} d5 {[%clk 0:56:41]} 21. f4
{[%clk 0:51:34]} exf3 {[%clk 0:53:42]} 22. Rxf3 {[%clk 0:46:35]} Rc8
{[%clk 0:44:18]} 23. Rxc8 {[%clk 0:32:35]} Qxc8 {[%clk 0:43:55]} 24. Bxh6
{[%clk 0:31:32]} Qxe6 {[%clk 0:42:37]} 25. Bxg7 {[%clk 0:29:57]} Kxg7
{[%clk 0:42:51]} 26. h3 {[%clk 0:27:03]} d4 {[%clk 0:36:51]} 27. Rg3
{[%clk 0:25:02]} Nd5 {[%clk 0:31:52]} 28. Qd2 {[%clk 0:24:54]} Ne3
{[%clk 0:30:10]} 29. Rf3 {[%clk 0:20:43]} Rd7 30. Kh1 {[%clk 0:17:16]} Nf5
{[%clk 0:21:00]} 31. Qe1 {[%clk 0:13:30]} Qd5 {[%clk 0:19:15]} 32. a4
{[%clk 0:12:09]} e4 {[%clk 0:17:56]} 33. Rf4 {[%clk 0:12:19]} e3 {[%clk 0:15:13]}
34. Nxd4 Nxd4 35. Qxe3 {[%clk 0:12:37]} Nf5 {[%clk 0:15:26]} 36. Qc3+ Kh7 37. Rf3
{[%clk 0:12:09]} Qd1+ {[%clk 0:14:47]} 38. Kh2 {[%clk 0:12:35]} Qxa4
{[%clk 0:13:20]} 39. Qf6 {[%clk 0:11:51]} Qc2 40. h4 Qc7+ {[%clk 0:06:38]} 41.
Kh3 {[%clk 0:08:43]} Ng7 {[%clk 0:27:18]} 42. Rc3 {[%clk 0:32:00]} Qd6
{[%clk 0:27:15]} 43. Qxd6 {[%clk 0:31:46]} Rxd6 {[%clk 0:27:39]} 44. g4
{[%clk 0:32:06]} Rd4 {[%clk 0:27:47]} 45. b5 {[%clk 0:32:10]} Rb4
{[%clk 0:27:51]} 46. Rc5 {[%clk 0:32:31]} b6 {[%clk 0:23:40]} 47. Re5
{[%clk 0:32:49]} Rb3+ {[%clk 0:16:51]} 48. Kg2 {[%clk 0:33:14]} Kh6
{[%clk 0:17:05]} 49. h5 {[%clk 0:32:02]} gxh5 {[%clk 0:14:23]} 50. gxh5
{[%clk 0:32:28]} Rd3 {[%clk 0:14:21]} 51. Kf2 {[%clk 0:31:50]} Rd6
{[%clk 0:14:40]} 52. Kf3 {[%clk 0:31:16]} Nxh5 {[%clk 0:14:17]} 53. Re7
{[%clk 0:30:55]} Kg6 {[%clk 0:12:21]} 54. Rc7 {[%clk 0:28:17]} Kf5 0-1